00481nam a2200157Ia 450000500170000000800410001708200130005810000170007124500220008826000420011030000130015250000440016594200060020995200950021599900130031020250424021405.0240331s9999 xx 000 0 und d a300bGAU aGauthaman, R 0aAram :badhikaram aCoimbatorebVidiyal Pathippagamc1997 a239 p ., aPandaiyakala Aram, athikaram patriyathu cL 001040708LaWERCLbWERCLcSSCd2024-03-31l0o 300 GAUp5444r2024-03-31w2024-03-31yL c973d973